000
00281nam a2200109Ia 4500
008
220204s9999 xx 000 0 und d
082
_a
308(548.3)
_b
SAR
100
_a
Saradamoni, K
245
0
_a
Divided poor: Study of a Kerala Village
260
_a
Delhi
_b
Ajanta
_c
1981
942
_c
BK
999
_c
36475
_d
36475